| 000 | 01679nam a2200469 i 4500 | ||
|---|---|---|---|
| 001 | 51519 | ||
| 003 | KOSZ 005 | ||
| 005 | 20210118134501.0 | ||
| 008 | 051117s2005 pl a f f |001 0 pol | ||
| 015 | _aUWD 2006/4145 | ||
| 020 | _a8320431360 | ||
| 035 | _a991029273589705066 | ||
| 035 | _a(PL-WaBN)b1791050x-48omnis_nlop | ||
| 035 | _ab1791050x | ||
| 035 | _a(OCoLC)749844261 | ||
| 035 | _a(PL)b0000001791050 | ||
| 035 | _a(EXLNZ-48OMNIS_NETWORK)9910334119505606 | ||
| 040 |
_aWA N _cWA N _dKOSZ 005/HR |
||
| 046 | _k2005 | ||
| 080 | _a543.5 | ||
| 080 | _a(075.8) | ||
| 100 | 1 |
_aMichalski, Rajmund _eAutor |
|
| 245 | 1 | 0 |
_aChromatografia jonowa : _bpodstawy i zastosowania / _cRajmund Michalski. |
| 260 |
_aWarszawa : _bWydawnictwa Naukowo-Techniczne, _c2005. |
||
| 300 |
_a174 s. : _bil. ; _c21 cm. |
||
| 336 |
_aTekst _btxt _2rdacontent |
||
| 337 |
_aBez urządzenia pośredniczącego _bn _2rdamedia |
||
| 338 |
_aWolumin _bnc _2rdacarrier |
||
| 380 | _aKsiążki | ||
| 380 | _aPublikacje dydaktyczne | ||
| 385 |
_mPoziom nauczania _aSzkoły wyższe |
||
| 388 | _a2001- | ||
| 504 | _aBibliogr. s. 147-170. Indeks. | ||
| 521 | 8 | _aDla studentów, absolwentów, doktorantów i wykładowców szkół wyższych takich kierunków jak: chemia, biochemia, ochrona środowiska, nauki rolnicze, farmacja. | |
| 650 | 7 |
_aChromatografia jonowymienna _2DBN |
|
| 655 | 7 |
_aPodręczniki akademickie _2DBN |
|
| 658 | _aChemia | ||
| 710 | 2 |
_aWydawnictwa Naukowo-Techniczne _4pbl |
|
| 856 |
_uhttp://koha.tu.koszalin.pl/cgi-bin/koha/opac-detail.pl?biblionumber=51519 _yKatalog online BPK |
||
| 942 |
_2UKD _cKS |
||
| 999 |
_c51519 _d51519 |
||